Les 10 villes de plus de 100 000 habitants les plus au Nord - Statistiques

Statistiques générales
  • Ce quiz a été pris 118 fois
  • Le résultat moyen est 3 sur 10
Statistiques - réponses
Latitude Pays Population Réponse % Correct
64° 08′ 51″ N Islande 139 875 Reykjavik
87%
68° 58′ N Russie 270 384 Mourmansk
62%
65° 00′ 50″ N Finlande 214 633 Oulu
47%
63° 25′ 00″ N Norvège 214 565 Trondheim
45%
64° 33′ N Russie 301 199 Arkhangelsk
26%
69° 21′ N Russie 174 453 Norilsk
20%
62° 14′ 24″ N Finlande 147 746 Jyväskylä
12%
62° 53′ 33″ N Finlande 124 021 Kuopio
9%
64° 34′ 14″ N Russie 157 213 Severodvinsk
3%
66° 05′ N Russie 107 251 Novy Ourengoï
1%
Aucun quiz correspondant
Distribution des résultats
% des personnes avec chaque résultat
Percentile par nombre de réponses
Votre historique - résultats
Vous n’avez pas pris ce quiz